000 00300nam a22001097a 4500
082 _a344.5491
_bDUG
100 _aDugal, Haroon
245 _aManual of Drug Laws in Pakistan /
_cHaroon Dugal
260 _aLahore :
_bIrfan Law Book House,
_c2020.
300 _a882 p. ;
_c24 cm.
942 _2ddc
_cBK
999 _c592352
_d592352